[Event "12. Festival GEMA63 2016 - Grupo MI "]
[Site "Mondariz Balneario ESP"]
[Date "2016.12.17"]
[Round "1.1"]
[White "Galego, Luis"]
[Black "Risting, Eivind Olav"]
[Result "1-0"]
[WhiteElo "2484"]
[BlackElo "2222"]
[PlyCount "81"]
[EventDate "2016.12.17"]
[EventType "tourn"]
[EventRounds "9"]
[EventCountry "ESP"]
[SourceTitle "Ajedrez en Madrid"]
[Source "lmi"]
[SourceDate "2016.12.17"]

1. e4 e6 2. d4 d5 3. exd5 exd5 4. Nf3 Bd6 5. h3 Nf6 6. c4 O-O 7. c5 Be7 8. Bd3
b6 9. cxb6 axb6 10. O-O c5 11. Nc3 Ba6 12. Bxa6 Nxa6 13. Ne5 Rc8 14. Be3 h6 15.
Rc1 Nb4 16. a3 Nc6 17. Nf3 Na5 18. Ne5 Nc6 19. Nxc6 Rxc6 20. Qf3 Qd7 21. Rcd1
Rd8 22. Rfe1 Re6 23. Bf4 Ne4 24. Nxe4 dxe4 25. Rxe4 Rxe4 26. Qxe4 cxd4 27. Be5
d3 28. Bc3 Bf8 29. a4 Qd6 30. g3 Qd7 31. Kg2 Qd6 32. h4 h5 33. Rd2 g6 34. f4
Bg7 35. Bxg7 Kxg7 36. Qe5+ Qxe5 37. fxe5 Rd5 38. Kf3 Rxe5 39. Rxd3 Ra5 40. b3
Rc5 41. Ke4 1-0

[Event "12. Festival GEMA63 2016 - Grupo MI "]
[Site "Mondariz Balneario ESP"]
[Date "2016.12.17"]
[Round "1.2"]
[White "Ribeiro, Fernando"]
[Black "Rodriguez Lopez, Rafael"]
[Result "0-1"]
[WhiteElo "2243"]
[BlackElo "2256"]
[PlyCount "72"]
[EventDate "2016.12.17"]
[EventType "tourn"]
[EventRounds "9"]
[EventCountry "ESP"]
[SourceTitle "Ajedrez en Madrid"]
[Source "lmi"]
[SourceDate "2016.12.17"]

1. e4 e5 2. Nf3 Nc6 3. Bc4 Nf6 4. d3 Be7 5. O-O O-O 6. c3 d6 7. Bb3 h6 8. Re1
Re8 9. Nbd2 Bf8 10. Nf1 Na5 11. Bc2 c5 12. Ng3 Nc6 13. h3 a6 14. d4 Bd7 15. Nf5
cxd4 16. cxd4 Bxf5 17. exf5 e4 18. Nh2 d5 19. Be3 Qd7 20. g4 Bb4 21. Rf1 Ba5
22. Kg2 Rac8 23. a3 Bc7 24. Rh1 Na5 25. b3 Bd6 26. Nf1 Qc7 27. Ra2 Bf4 28. h4
Bxe3 29. Nxe3 Qf4 30. Rh3 h5 31. gxh5 Nc6 32. b4 Ne7 33. Bb3 Nxf5 34. Nxf5 Qxf5
35. Rg3 Nxh5 36. Qg4 Nxg3 0-1

[Event "12. Festival GEMA63 2016 - Grupo MI "]
[Site "Mondariz Balneario ESP"]
[Date "2016.12.17"]
[Round "1.3"]
[White "Gomez Dominguez, Xabier"]
[Black "Sousa, Andre Ventura"]
[Result "0-1"]
[WhiteElo "2166"]
[BlackElo "2399"]
[PlyCount "70"]
[EventDate "2016.12.17"]
[EventType "tourn"]
[EventRounds "9"]
[EventCountry "ESP"]
[SourceTitle "Ajedrez en Madrid"]
[Source "lmi"]
[SourceDate "2016.12.17"]

1. e4 e5 2. Nf3 Nc6 3. Bc4 Bc5 4. d3 Nf6 5. O-O O-O 6. Bb3 d5 7. exd5 Nxd5 8.
h3 Bb6 9. Nbd2 a5 10. Nc4 a4 11. Nxb6 Nxb6 12. Bc4 Nxc4 13. dxc4 Qxd1 14. Rxd1
Be6 15. b3 Bf5 16. Ba3 Rfe8 17. Rd2 Red8 18. Re2 e4 19. Ne1 Nd4 20. Re3 Bg6 21.
b4 f5 22. g3 Bf7 23. c3 Nc6 24. c5 Ne5 25. Nc2 Rd2 26. Nd4 Nc4 27. Bc1 Rd1+ 28.
Kg2 Nxe3+ 29. fxe3 a3 30. b5 Bc4 31. c6 bxc6 32. bxc6 Rb8 33. Nc2 Rb2 34. Bxb2
Rd2+ 35. Kg1 axb2 0-1

[Event "12. Festival GEMA63 2016 - Grupo MI "]
[Site "Mondariz Balneario ESP"]
[Date "2016.12.17"]
[Round "1.4"]
[White "Cardenas, William"]
[Black "Gonzalez Trigal, Jose Luis"]
[Result "0-1"]
[WhiteElo "2055"]
[BlackElo "2338"]
[PlyCount "114"]
[EventDate "2016.12.17"]
[EventType "tourn"]
[EventRounds "9"]
[EventCountry "ESP"]
[SourceTitle "Ajedrez en Madrid"]
[Source "lmi"]
[SourceDate "2016.12.17"]

1. e4 c5 2. Nf3 d6 3. Bb5+ Bd7 4. Bxd7+ Qxd7 5. c4 Nf6 6. Nc3 g6 7. d4 cxd4 8.
Nxd4 Bg7 9. f3 O-O 10. Be3 Nc6 11. O-O Rac8 12. b3 a6 13. Qd3 Rfd8 14. Nxc6
bxc6 15. Rac1 Qb7 16. Rfd1 Nd7 17. Na4 c5 18. Qd2 Rf8 19. Nc3 Ne5 20. Nd5 f5
21. Nf4 fxe4 22. Qd5+ Qxd5 23. Nxd5 Rf7 24. fxe4 Ng4 25. Bg5 Kf8 26. h3 Nf2 27.
Rf1 Bd4 28. Kh2 e6 29. Nf4 Re8 30. Rce1 Kg7 31. Ne2 Be5+ 32. g3 Nxe4 33. Bh6+
Kg8 34. Nf4 d5 35. Kg2 Bxf4 36. Rxf4 Rxf4 37. Bxf4 Rf8 38. Re2 Rf5 39. a3 Kf7
40. b4 g5 41. Bc1 Nd6 42. cxd5 Rxd5 43. bxc5 Rxc5 44. Bb2 Ke7 45. a4 Rc4 46. a5
Rc5 47. Ba3 Rxa5 48. Re3 Kd7 49. Rd3 Rd5 50. Rb3 Nb5 51. Bc1 a5 52. Rf3 Ke7 53.
h4 gxh4 54. gxh4 a4 55. Rg3 Kf6 56. Bb2+ e5 57. h5 Rd2+ 0-1

[Event "12. Festival GEMA63 2016 - Grupo MI "]
[Site "Mondariz Balneario ESP"]
[Date "2016.12.17"]
[Round "1.5"]
[White "Mihajlov, Sebastian"]
[Black "Larino Nieto, David"]
[Result "0-1"]
[WhiteElo "2384"]
[BlackElo "2481"]
[PlyCount "124"]
[EventDate "2016.12.17"]
[EventType "tourn"]
[EventRounds "9"]
[EventCountry "ESP"]
[SourceTitle "Ajedrez en Madrid"]
[Source "lmi"]
[SourceDate "2016.12.17"]

1. d4 b5 2. e4 a6 3. Nf3 e6 4. c4 bxc4 5. Bxc4 Bb7 6. d5 Nf6 7. Qb3 exd5 8.
exd5 Qe7+ 9. Be3 Qb4+ 10. Nc3 Qxb3 11. Bxb3 Bb4 12. O-O-O O-O 13. Bd4 d6 14.
Bxf6 gxf6 15. Ba4 Bc8 16. Rhe1 Nd7 17. Nd4 Ne5 18. f4 Ng6 19. Nc6 Bxc3 20. bxc3
Bg4 21. Rd4 Rfe8 22. Rde4 Rxe4 23. Rxe4 f5 24. Rd4 Re8 25. g3 Re1+ 26. Kc2 Bf3
27. Nb4 Be4+ 28. Kb3 a5 29. Na6 Re2 30. Nxc7 Kf8 31. Nb5 Ke7 32. Na7 Rxh2 33.
Nc8+ Kf6 34. Nxd6 Bb1 35. Ne8+ Ke7 36. d6+ Kd8 37. c4 Bc2+ 38. Ka3 Bxa4 39.
Kxa4 Kxe8 40. c5 Rc2 41. Kb5 Kd7 42. Rd5 Rb2+ 43. Kxa5 Rxa2+ 44. Kb5 Rb2+ 45.
Kc4 Rb7 46. Rxf5 Kc6 47. Rf6 Rd7 48. Kd4 h5 49. f5 Nf8 50. Kc4 Nh7 51. Rh6 f6
52. Rxh5 Rg7 53. Rh4 Nf8 54. Rh8 Rg4+ 55. Kc3 Nd7 56. Rc8+ Kb5 57. Kd2 Nxc5 58.
Ke2 Rxg3 59. Rc7 Kb6 60. Rf7 Ne4 61. Re7 Ng5 62. Rc7 Rh3 0-1

[Event "12. Festival GEMA63 2016 - Grupo MI "]
[Site "Mondariz Balneario ESP"]
[Date "2016.12.18"]
[Round "2.1"]
[White "Risting, Eivind Olav"]
[Black "Larino Nieto, David"]
[Result "0-1"]
[WhiteElo "2222"]
[BlackElo "2481"]
[PlyCount "116"]
[EventDate "2016.12.17"]
[EventType "tourn"]
[EventRounds "9"]
[EventCountry "ESP"]
[SourceTitle "Ajedrez en Madrid"]
[Source "lmi"]
[SourceDate "2016.12.17"]

1. e4 d6 2. d4 Nf6 3. Nc3 e5 4. Nf3 exd4 5. Qxd4 Nc6 6. Bb5 a6 7. Bxc6+ bxc6 8.
Bg5 h6 9. Bh4 g5 10. Bg3 Bg7 11. O-O-O O-O 12. Qc4 Nh5 13. Be5 Be6 14. Qxc6 Bd7
15. Qd5 Bxe5 16. Nxe5 Nf6 17. Nxd7 Nxd5 18. Nxd5 g4 19. Nxf8 Kxf8 20. Kb1 Rb8
21. e5 dxe5 22. Nb6 Qxd1+ 23. Rxd1 Rxb6 24. Rd2 Ke7 25. Re2 Ke6 26. c3 f5 27.
Rd2 f4 28. Rd8 Kf5 29. Kc2 h5 30. Rh8 Kg5 31. Re8 Kh4 32. Rxe5 f3 33. gxf3 gxf3
34. Rf5 Kg4 35. Rf7 h4 36. b3 Re6 37. Kd3 Re1 38. c4 c5 39. a3 a5 40. b4 axb4
41. axb4 cxb4 42. c5 Rc1 43. Kd4 Rc3 44. Rb7 Rb3 45. c6 Kh3 46. Rb5 Rb2 47. c7
Rd2+ 48. Ke3 Rc2 49. Kxf3 Kxh2 50. Rxb4 h3 51. Rg4 Rxc7 52. Ke3 Re7+ 53. Kd3
Re1 54. f4 Rg1 55. Rh4 Kg3 56. Rh8 h2 57. Rg8+ Kxf4 58. Rf8+ Ke5 0-1

[Event "12. Festival GEMA63 2016 - Grupo MI "]
[Site "Mondariz Balneario ESP"]
[Date "2016.12.18"]
[Round "2.2"]
[White "Gonzalez Trigal, Jose Luis"]
[Black "Mihajlov, Sebastian"]
[Result "1/2-1/2"]
[WhiteElo "2338"]
[BlackElo "2384"]
[PlyCount "52"]
[EventDate "2016.12.17"]
[EventType "tourn"]
[EventRounds "9"]
[EventCountry "ESP"]
[SourceTitle "Ajedrez en Madrid"]
[Source "lmi"]
[SourceDate "2016.12.17"]

1. d4 Nf6 2. c4 g6 3. Nc3 Bg7 4. e4 d6 5. Nf3 O-O 6. h3 e5 7. d5 a5 8. Be3 Na6
9. g4 Nd7 10. Bd3 Ndc5 11. Bc2 f5 12. gxf5 gxf5 13. exf5 Bxf5 14. Bxf5 Rxf5 15.
Qe2 Qf6 16. Nd2 Qg6 17. Nde4 Nxe4 18. Nxe4 Qg2 19. Ng3 Raf8 20. Qf1 Qxf1+ 21.
Rxf1 R5f6 22. Ke2 Bh6 23. Ne4 Rg6 24. Rg1 Bf4 25. Rg4 Bxe3 26. fxe3 Rf5 1/2-1/2

[Event "12. Festival GEMA63 2016 - Grupo MI "]
[Site "Mondariz Balneario ESP"]
[Date "2016.12.18"]
[Round "2.3"]
[White "Sousa, Andre Ventura"]
[Black "Cardenas, William"]
[Result "1/2-1/2"]
[WhiteElo "2399"]
[BlackElo "2055"]
[PlyCount "102"]
[EventDate "2016.12.17"]
[EventType "tourn"]
[EventRounds "9"]
[EventCountry "ESP"]
[SourceTitle "Ajedrez en Madrid"]
[Source "lmi"]
[SourceDate "2016.12.17"]

1. e4 c5 2. Nf3 Nc6 3. Bb5 g6 4. O-O Bg7 5. Bxc6 bxc6 6. Re1 Nh6 7. c3 O-O 8.
d4 cxd4 9. cxd4 d5 10. Nc3 dxe4 11. Nxe4 Nf5 12. Bg5 h6 13. Be3 Nxe3 14. fxe3
Bg4 15. Rc1 e5 16. dxe5 Qxd1 17. Rexd1 Bxf3 18. gxf3 Bxe5 19. b3 a5 20. f4 Bg7
21. Nc5 Rfd8 22. Na4 Bf8 23. Kf2 Ba3 24. Rb1 Rab8 25. Ke2 Rdc8 26. Rd4 Rb5 27.
Kf3 Re8 28. Rd3 Kg7 29. Re1 f5 30. Red1 Re7 31. Rc3 Re6 32. Rd7+ Kf6 33. Rcd3
g5 34. Rh7 g4+ 35. Ke2 Kg6 36. Rdd7 Bc1 37. Rhe7 Rf6 38. Kd3 Ba3 39. Re8 Kh5
40. Nc3 Rc5 41. Re5 Rxe5 42. fxe5 Re6 43. Ne2 Rxe5 44. Nf4+ Kg5 45. Rg7+ Kf6
46. Rg6+ Kf7 47. Rxh6 Bc1 48. Ng2 Rd5+ 49. Kc3 Rc5+ 50. Kd3 Rd5+ 51. Kc3 Rc5+
1/2-1/2

[Event "12. Festival GEMA63 2016 - Grupo MI "]
[Site "Mondariz Balneario ESP"]
[Date "2016.12.18"]
[Round "2.4"]
[White "Rodriguez Lopez, Rafael"]
[Black "Gomez Dominguez, Xabier"]
[Result "1-0"]
[WhiteElo "2256"]
[BlackElo "2166"]
[PlyCount "69"]
[EventDate "2016.12.17"]
[EventType "tourn"]
[EventRounds "9"]
[EventCountry "ESP"]
[SourceTitle "Ajedrez en Madrid"]
[Source "lmi"]
[SourceDate "2016.12.17"]

1. e4 c5 2. Nf3 g6 3. d4 cxd4 4. Nxd4 Bg7 5. c4 Nc6 6. Be3 Nf6 7. Nc3 O-O 8.
Be2 d6 9. O-O Nxd4 10. Bxd4 Nd7 11. Bxg7 Kxg7 12. Qd4+ Kg8 13. Rad1 b6 14. f4
Nc5 15. e5 Nb7 16. Bf3 Rb8 17. Nb5 a6 18. Nc3 Be6 19. b3 Qc7 20. exd6 Qxd6 21.
Bd5 Bf5 22. Ne4 Bxe4 23. Qxe4 Qc7 24. f5 Nd6 25. Qg4 Qc8 26. Be4 b5 27. Bd3
bxc4 28. bxc4 Qc5+ 29. Kh1 Kg7 30. h4 Ne8 31. fxg6 hxg6 32. Bxg6 Nf6 33. Rxf6
exf6 34. Rd5 Qe3 35. Bc2+ 1-0

[Event "12. Festival GEMA63 2016 - Grupo MI "]
[Site "Mondariz Balneario ESP"]
[Date "2016.12.18"]
[Round "2.5"]
[White "Galego, Luis"]
[Black "Ribeiro, Fernando"]
[Result "1-0"]
[WhiteElo "2484"]
[BlackElo "2243"]
[PlyCount "111"]
[EventDate "2016.12.17"]
[EventType "tourn"]
[EventRounds "9"]
[EventCountry "ESP"]
[SourceTitle "Ajedrez en Madrid"]
[Source "lmi"]
[SourceDate "2016.12.17"]

1. d4 Nf6 2. Nf3 g6 3. g3 Bg7 4. Bg2 O-O 5. O-O c6 6. c4 d6 7. Nc3 Qa5 8. h3
Be6 9. Nd2 Qa6 10. b3 d5 11. Na4 Nbd7 12. c5 b6 13. Bb2 bxc5 14. dxc5 Rad8 15.
Rc1 Ne8 16. Bxg7 Nxg7 17. Nf3 f6 18. Re1 Bf7 19. Bf1 Qa5 20. a3 e5 21. b4 Qc7
22. e3 Ne6 23. Nc3 h5 24. e4 d4 25. Nb1 a5 26. Nbd2 axb4 27. axb4 Ra8 28. Nc4
Rfb8 29. Rb1 Nd8 30. Nd6 Ba2 31. Ra1 Be6 32. Rxa8 Rxa8 33. Qc1 Nf7 34. Bc4 Nf8
35. Bxe6 Nxe6 36. Qc4 Qd7 37. Nxf7 Kxf7 38. Rb1 Ra4 39. h4 Qa7 40. Kg2 Ke7 41.
Qc1 Kf7 42. Nd2 Qb7 43. Qb2 Qb5 44. Qb3 Ra8 45. Nc4 Qa4 46. Qd3 Qa2 47. Rb2 Qa1
48. Nd6+ Ke7 49. Qd2 Rg8 50. Nc4 Ra8 51. Qh6 Rg8 52. b5 Qd1 53. bxc6 Nf4+ 54.
Kh2 Ra8 55. Qg7+ Ke6 56. Qd7# 1-0

[Event "12. Festival GEMA63 2016 - Grupo MI "]
[Site "Mondariz Balneario ESP"]
[Date "2016.12.19"]
[Round "3.1"]
[White "Ribeiro, Fernando"]
[Black "Risting, Eivind Olav"]
[Result "0-1"]
[WhiteElo "2243"]
[BlackElo "2222"]
[PlyCount "96"]
[EventDate "2016.12.17"]
[EventType "tourn"]
[EventRounds "9"]
[EventCountry "ESP"]
[SourceTitle "Ajedrez en Madrid"]
[Source "lmi"]
[SourceDate "2016.12.17"]

1. e4 c6 2. d4 d5 3. e5 Bf5 4. Nf3 e6 5. Be2 c5 6. O-O Nc6 7. c3 cxd4 8. cxd4
Nge7 9. h3 Nc8 10. Nc3 Nb6 11. Bg5 Qd7 12. a4 Rc8 13. a5 Nc4 14. a6 Bb4 15.
axb7 Qxb7 16. Na4 h6 17. Bc1 Be7 18. g4 Bg6 19. Bd3 Bxd3 20. Qxd3 Nb4 21. Qd1
Nc6 22. Qd3 N6a5 23. Nc3 Nb3 24. Rb1 Nxc1 25. Rfxc1 Qb3 26. Nd2 Nxd2 27. Qxd2
O-O 28. Qc2 Qb4 29. Qd3 Rc4 30. Na2 Rxc1+ 31. Nxc1 Rc8 32. Ne2 Bd8 33. b3 Bb6
34. Kg2 Qa3 35. Kf3 Qa2 36. Nc1 Qa3 37. Ne2 Qa2 38. Nc1 Rc3 39. Qxc3 Qxb1 40.
Nd3 Qh1+ 41. Kg3 Qg1+ 42. Kf3 Qh2 43. Qc8+ Kh7 44. Nc5 Qxh3+ 45. Ke2 Qxg4+ 46.
Kd3 Qf3+ 47. Kc2 Qxf2+ 48. Kc3 Qe3+ 0-1

[Event "12. Festival GEMA63 2016 - Grupo MI "]
[Site "Mondariz Balneario ESP"]
[Date "2016.12.19"]
[Round "3.2"]
[White "Gomez Dominguez, Xabier"]
[Black "Galego, Luis"]
[Result "1/2-1/2"]
[WhiteElo "2166"]
[BlackElo "2484"]
[PlyCount "154"]
[EventDate "2016.12.17"]
[EventType "tourn"]
[EventRounds "9"]
[EventCountry "ESP"]
[SourceTitle "Ajedrez en Madrid"]
[Source "lmi"]
[SourceDate "2016.12.17"]

1. e4 d5 2. exd5 Qxd5 3. Nc3 Qa5 4. d4 Nf6 5. Nf3 c6 6. Ne5 Nbd7 7. Nc4 Qd8 8.
Bf4 Nb6 9. Ne5 e6 10. a3 Be7 11. Be2 O-O 12. O-O Nbd5 13. Nxd5 exd5 14. Bd3 Be6
15. Re1 Re8 16. c3 g6 17. Bg5 Nh5 18. Bxe7 Qxe7 19. Qd2 Qf8 20. Re2 f6 21. Nf3
Bg4 22. Re3 Rxe3 23. fxe3 Bxf3 24. gxf3 f5 25. Qg2 Re8 26. Qg5 Kg7 27. Kf2 Qd6
28. Rg1 Nf6 29. Bxf5 Qxh2+ 30. Rg2 Qh6 31. Bd3 Qxg5 32. Rxg5 Kf7 33. c4 Rg8 34.
cxd5 cxd5 35. Bc2 Rd8 36. Ke2 Rd6 37. b4 b5 38. Bb3 h6 39. Re5 Kf8 40. Kd3 Ra6
41. Bxd5 Rxa3+ 42. Kd2 Nd7 43. Re6 Nb6 44. Bc6 Nc4+ 45. Ke2 Ra2+ 46. Ke1 a6 47.
d5 Rd2 48. Rxg6 Rd3 49. Rxh6 Rxe3+ 50. Kf2 Rd3 51. f4 Rd4 52. Kg3 a5 53. bxa5
Nxa5 54. Bxb5 Rxd5 55. Be2 Rd2 56. Bf3 Nc4 57. Rh7 Nd6 58. Ra7 Nf7 59. Bh5 Nd6
60. Bg6 Rb2 61. f5 Rb7 62. Ra6 Ne4+ 63. Kf4 Nc5 64. Rc6 Nd7 65. Kg5 Kg7 66. Re6
Nf8 67. f6+ Kg8 68. Re5 Rb2 69. Be4 Nh7+ 70. Kg6 Nf8+ 71. Kg5 Nh7+ 72. Bxh7+
Kxh7 73. Re8 Rf2 74. Ra8 Rf1 75. Rb8 Rf2 76. Rb7+ Kg8 77. Rb8+ Kf7 1/2-1/2

[Event "12. Festival GEMA63 2016 - Grupo MI "]
[Site "Mondariz Balneario ESP"]
[Date "2016.12.19"]
[Round "3.3"]
[White "Cardenas, William"]
[Black "Rodriguez Lopez, Rafael"]
[Result "0-1"]
[WhiteElo "2055"]
[BlackElo "2256"]
[PlyCount "122"]
[EventDate "2016.12.17"]
[EventType "tourn"]
[EventRounds "9"]
[EventCountry "ESP"]
[SourceTitle "Ajedrez en Madrid"]
[Source "lmi"]
[SourceDate "2016.12.17"]

1. e4 e5 2. Nf3 Nc6 3. Bb5 a6 4. Ba4 Nf6 5. O-O Be7 6. d3 b5 7. Bb3 d6 8. c3
O-O 9. Nbd2 Na5 10. Bc2 c5 11. Re1 Nc6 12. Nf1 h6 13. h3 Re8 14. Ng3 Be6 15. d4
cxd4 16. cxd4 Nxd4 17. Nxd4 exd4 18. Qxd4 Rc8 19. Bb3 d5 20. Bf4 Bc5 21. Qd2
Nxe4 22. Nxe4 dxe4 23. Qxd8 Rcxd8 24. Rac1 Bd4 25. Rc6 Bxb3 26. axb3 Bxb2 27.
Rb1 Be5 28. Bxe5 Rxe5 29. Rxa6 Rd2 30. Re1 Rb2 31. Re3 f5 32. g3 Rc5 33. Rb6
Rc1+ 34. Kg2 Rcc2 35. Rxb5 Rxf2+ 36. Kg1 h5 37. h4 Rg2+ 38. Kf1 Rbf2+ 39. Ke1
Rc2 40. Kf1 g6 41. Rb7 Rh2 42. Kg1 Rhd2 43. Kf1 Rd1+ 44. Re1 Rxe1+ 45. Kxe1 Rg2
46. b4 Rxg3 47. b5 Rg2 48. Rc7 Rb2 49. Rc6 Rxb5 50. Rxg6+ Kf7 51. Rg5 Kf6 52.
Rxh5 Rb2 53. Rh8 Rh2 54. Kf1 Kg7 55. Rh5 Kg6 56. Rg5+ Kf6 57. Rh5 e3 58. Rh8 f4
59. Rf8+ Ke5 60. Re8+ Kf5 61. Rf8+ Ke4 0-1

[Event "12. Festival GEMA63 2016 - Grupo MI "]
[Site "Mondariz Balneario ESP"]
[Date "2016.12.19"]
[Round "3.4"]
[White "Mihajlov, Sebastian"]
[Black "Sousa, Andre Ventura"]
[Result "1-0"]
[WhiteElo "2384"]
[BlackElo "2399"]
[PlyCount "97"]
[EventDate "2016.12.17"]
[EventType "tourn"]
[EventRounds "9"]
[EventCountry "ESP"]
[SourceTitle "Ajedrez en Madrid"]
[Source "lmi"]
[SourceDate "2016.12.17"]

1. d4 Nf6 2. c4 g6 3. Nc3 Bg7 4. e4 d6 5. Nf3 O-O 6. Be2 e5 7. O-O Nc6 8. d5
Ne7 9. Ne1 Nd7 10. Be3 f5 11. f3 f4 12. Bf2 g5 13. Rc1 Ng6 14. c5 Nxc5 15. b4
Na6 16. Nd3 Rf7 17. Nb5 Bd7 18. a4 Bf8 19. Nxa7 h5 20. Nc6 bxc6 21. dxc6 Be6
22. b5 g4 23. fxg4 f3 24. Bxf3 Nh4 25. Be2 Bh6 26. bxa6 hxg4 27. Rb1 Qg5 28. a7
Nf3+ 29. Kh1 Nxh2 30. Rb8+ Kg7 31. Kxh2 Rxf2 32. Rxf2 g3+ 33. Kg1 Qh4 34. Bf3
Be3 35. Kf1 gxf2 36. Ke2 Bd4 37. Rxa8 Qh6 38. Qc2 d5 39. Nxf2 Qe3+ 40. Kf1 dxe4
41. Bxe4 Bc4+ 42. Bd3 Bb3 43. Rg8+ Kxg8 44. a8=Q+ Kg7 45. Qe2 Qc1+ 46. Qe1 Qf4
47. Qd8 Bd1 48. Qxc7+ Kh8 49. Qh7# 1-0

[Event "12. Festival GEMA63 2016 - Grupo MI "]
[Site "Mondariz Balneario ESP"]
[Date "2016.12.19"]
[Round "3.5"]
[White "Larino Nieto, David"]
[Black "Gonzalez Trigal, Jose Luis"]
[Result "1-0"]
[WhiteElo "2481"]
[BlackElo "2338"]
[PlyCount "73"]
[EventDate "2016.12.17"]
[EventType "tourn"]
[EventRounds "9"]
[EventCountry "ESP"]
[SourceTitle "Ajedrez en Madrid"]
[Source "lmi"]
[SourceDate "2016.12.17"]

1. Nf3 d5 2. g3 Nf6 3. Bg2 g6 4. d3 Bg7 5. Nbd2 c5 6. e4 Nc6 7. O-O O-O 8. Re1
e5 9. exd5 Nxd5 10. c3 h6 11. Nc4 Re8 12. Qb3 Nb6 13. Be3 Be6 14. Rad1 e4 15.
Nfd2 exd3 16. Qb5 Bd7 17. Nd6 Ne5 18. Qa5 Nc6 19. Qa3 Rxe3 20. Rxe3 Bf8 21.
Nxb7 Qc7 22. Nxc5 Rc8 23. b4 Ne5 24. Nxd7 Nbc4 25. Nxc4 Nxc4 26. Nf6+ Kg7 27.
Qa6 Nxe3 28. fxe3 Qxc3 29. Nd5 Qc2 30. Qxd3 Qxa2 31. Qd4+ Kg8 32. Nf6+ Kh8 33.
Bd5 Qe2 34. Nh5+ Kh7 35. Nf4 Qg4 36. Bxf7 Bg7 37. Qd7 1-0

[Event "12. Festival GEMA63 2016 - Grupo MI "]
[Site "Mondariz Balneario ESP"]
[Date "2016.12.19"]
[Round "4.1"]
[White "Risting, Eivind Olav"]
[Black "Gonzalez Trigal, Jose Luis"]
[Result "1/2-1/2"]
[WhiteElo "2222"]
[BlackElo "2338"]
[PlyCount "57"]
[EventDate "2016.12.17"]
[EventType "tourn"]
[EventRounds "9"]
[EventCountry "ESP"]
[SourceTitle "Ajedrez en Madrid"]
[Source "lmi"]
[SourceDate "2016.12.17"]

1. c4 c6 2. Nf3 d5 3. b3 Nf6 4. Bb2 e6 5. e3 Nbd7 6. Qc2 Bd6 7. Nc3 O-O 8. Be2
Qe7 9. O-O b6 10. d4 Bb7 11. e4 Nxe4 12. Nxe4 dxe4 13. Qxe4 f5 14. Qh4 Qxh4 15.
Nxh4 c5 16. Bf3 Bxf3 17. Nxf3 cxd4 18. Nxd4 e5 19. Nb5 Bc5 20. Rad1 Rf7 21. Rd5
e4 22. Rfd1 Nf8 23. Nd6 Bxd6 24. Rxd6 Re8 25. Ba3 g6 26. Rd8 Rxd8 27. Rxd8 Kg7
28. Bxf8+ Rxf8 29. Rd6 1/2-1/2

[Event "12. Festival GEMA63 2016 - Grupo MI "]
[Site "Mondariz Balneario ESP"]
[Date "2016.12.19"]
[Round "4.2"]
[White "Sousa, Andre Ventura"]
[Black "Larino Nieto, David"]
[Result "1/2-1/2"]
[WhiteElo "2399"]
[BlackElo "2481"]
[PlyCount "82"]
[EventDate "2016.12.17"]
[EventType "tourn"]
[EventRounds "9"]
[EventCountry "ESP"]
[SourceTitle "Ajedrez en Madrid"]
[Source "lmi"]
[SourceDate "2016.12.17"]

1. e4 d6 2. d4 Nf6 3. Nc3 e5 4. Nf3 Nbd7 5. Bc4 exd4 6. Nxd4 Nb6 7. Be2 Be7 8.
O-O O-O 9. Bf4 Re8 10. Re1 Nfd7 11. a4 a5 12. Bb5 Bf6 13. Nf5 Re6 14. Nd4 Re8
15. Nf5 Bxc3 16. bxc3 Re6 17. Nd4 Rg6 18. Bg3 Nc5 19. Nb3 Qe7 20. Qd4 Re6 21.
Nxc5 dxc5 22. Qd3 Rg6 23. f4 Rd6 24. Qe3 f5 25. Qxc5 fxe4 26. f5 Rd7 27. Bf2
Qxc5 28. Bxc5 Rd2 29. g4 Bd7 30. Rxe4 Bxb5 31. axb5 Rxc2 32. Rae1 h6 33. Re7
Nd5 34. Rd7 Nf6 35. Rxc7 Rd8 36. Be7 Re8 37. Re6 Nxg4 38. h3 Nf2 39. Bf6 Nxh3+
40. Kh1 Nf2+ 41. Kg1 Nh3+ 1/2-1/2

[Event "12. Festival GEMA63 2016 - Grupo MI "]
[Site "Mondariz Balneario ESP"]
[Date "2016.12.19"]
[Round "4.3"]
[White "Rodriguez Lopez, Rafael"]
[Black "Mihajlov, Sebastian"]
[Result "1-0"]
[WhiteElo "2256"]
[BlackElo "2384"]
[PlyCount "61"]
[EventDate "2016.12.17"]
[EventType "tourn"]
[EventRounds "9"]
[EventCountry "ESP"]
[SourceTitle "Ajedrez en Madrid"]
[Source "lmi"]
[SourceDate "2016.12.17"]

1. e4 e6 2. d4 d5 3. Nd2 a6 4. Bd3 c5 5. dxc5 Bxc5 6. Ngf3 Nf6 7. e5 Ng4 8. O-O
Nc6 9. Qe2 Qc7 10. Nb3 Ba7 11. Bf4 Bb8 12. Bg3 Ngxe5 13. Nxe5 Nxe5 14. Qh5 Kf8
15. c4 dxc4 16. Rac1 f6 17. Rxc4 Qd8 18. Rd4 Qe8 19. Qe2 Kf7 20. Be4 Qe7 21.
Rfd1 g6 22. h4 Nc6 23. Bxc6 bxc6 24. Bxb8 Rxb8 25. Qc2 Rb5 26. Qxc6 Bb7 27. Qc4
Bd5 28. Qa4 Qd6 29. Na5 e5 30. Rxd5 Rxd5 31. Qc4 1-0

[Event "12. Festival GEMA63 2016 - Grupo MI "]
[Site "Mondariz Balneario ESP"]
[Date "2016.12.19"]
[Round "4.4"]
[White "Galego, Luis"]
[Black "Cardenas, William"]
[Result "1-0"]
[WhiteElo "2484"]
[BlackElo "2055"]
[PlyCount "129"]
[EventDate "2016.12.17"]
[EventType "tourn"]
[EventRounds "9"]
[EventCountry "ESP"]
[SourceTitle "Ajedrez en Madrid"]
[Source "lmi"]
[SourceDate "2016.12.17"]

1. e4 c5 2. Nf3 Nc6 3. Bb5 g6 4. O-O Bg7 5. Bxc6 bxc6 6. d3 Nf6 7. Nc3 O-O 8.
h3 d6 9. Be3 h6 10. Qd2 Kh7 11. e5 Nd5 12. exd6 exd6 13. Nxd5 cxd5 14. d4 c4
15. b3 Qc7 16. Rfe1 a5 17. Qc3 Be6 18. Bf4 Rfc8 19. b4 axb4 20. Qxb4 Rcb8 21.
Qc3 Qc6 22. a3 Ra4 23. g4 Qb6 24. Ra2 Bf8 25. Kg2 Qa5 26. Qxa5 Rxa5 27. Bd2 Ra4
28. Rea1 Bd7 29. Bb4 Re8 30. Rb2 g5 31. Bc3 Ra7 32. Rb6 f5 33. Nh2 Re2 34. Ra2
fxg4 35. Kf1 Re4 36. hxg4 Bg7 37. Rxd6 Bxd4 38. f3 Bxc3 39. fxe4 Be5 40. Rxd7+
Rxd7 41. Nf3 Bc3 42. exd5 Rxd5 43. a4 Kg6 44. Ra3 Bb4 45. Re3 Rd1+ 46. Kg2 Rc1
47. Re2 Ra1 48. Re4 Rxa4 49. Rxc4 Ra2 50. Rxb4 Rxc2+ 51. Kg3 Rc3 52. Kf2 Rc2+
53. Ke3 Rc3+ 54. Ke4 Rc2 55. Ne5+ Kg7 56. Rb7+ Kf6 57. Rb6+ Kg7 58. Rg6+ Kh7
59. Rf6 Re2+ 60. Kd5 Ra2 61. Rf7+ Kg8 62. Ke6 Ra6+ 63. Kf5 Ra2 64. Kg6 Re2 65.
Nd7 1-0

[Event "12. Festival GEMA63 2016 - Grupo MI "]
[Site "Mondariz Balneario ESP"]
[Date "2016.12.19"]
[Round "4.5"]
[White "Ribeiro, Fernando"]
[Black "Gomez Dominguez, Xabier"]
[Result "1/2-1/2"]
[WhiteElo "2243"]
[BlackElo "2166"]
[PlyCount "98"]
[EventDate "2016.12.17"]
[EventType "tourn"]
[EventRounds "9"]
[EventCountry "ESP"]
[SourceTitle "Ajedrez en Madrid"]
[Source "lmi"]
[SourceDate "2016.12.17"]

1. e4 c5 2. Nf3 g6 3. Bc4 Nc6 4. O-O Bg7 5. Nc3 d6 6. Re1 e6 7. d3 Nge7 8. Bf4
a6 9. Qd2 Na5 10. Bh6 O-O 11. a3 b5 12. Ba2 b4 13. axb4 cxb4 14. Ne2 Rb8 15.
Ned4 Qb6 16. Bxg7 Kxg7 17. Qg5 Nac6 18. Ne2 h6 19. Qd2 Na5 20. Ned4 e5 21. Nb3
Nxb3 22. Bxb3 Bg4 23. Qe3 Nc6 24. Qxb6 Rxb6 25. Nd2 Nd4 26. Ba4 Be6 27. c3 bxc3
28. bxc3 Rb2 29. cxd4 Rxd2 30. d5 Bg4 31. f3 Rb8 32. Reb1 Ra2 33. Rxa2 Rxb1+
34. Kf2 Bc8 35. Rc2 Rb8 36. Rc7 Kf8 37. Ke3 h5 38. Kd2 g5 39. d4 exd4 40. Kd3
h4 41. g3 Bh3 42. Kxd4 Rb4+ 43. Rc4 Rxc4+ 44. Kxc4 Bg2 45. Bd1 Bf1+ 46. Kd4 f6
47. f4 hxg3 48. hxg3 gxf4 49. gxf4 Ke7 1/2-1/2